Para una historia de América

Guardat en:
Dades bibliogràfiques
Autors principals: Carmagnani, Marcello (Autor), Hernández Chávez, Alicia (Autor), Romano, Ruggiero (Autor)
Format: Llibre
Idioma:espanyol
Publicat: Ciudad de México Fondo de Cultura Económica 1999
Col·lecció:Serie Américas
Matèries:
Etiquetes: Afegir etiqueta
Sense etiquetes, Sigues el primer a etiquetar aquest registre!

MARC

LEADER 00000cam a2200000 a 4500
001 UCM2046
003 CL-VaPUC
008 020419e19990000MX |||||||||||||||||spa|d
082 0 4 |a 980  |b CAR  |2 21 
100 0 |a Carmagnani, Marcello  |e author  |9 468899 
700 |a Hernández Chávez, Alicia  |e author  |9 468900 
700 0 |a Romano, Ruggiero  |e author  |9 468901 
245 1 0 |a Para una historia de América 
300 |a v 
942 |c BK 
945 |d 20020419 00:00:00  |a cmena 
260 |a Ciudad de México  |b Fondo de Cultura Económica  |c 1999 
500 |a v.1: Las estructuras 
500 |a v.2-3: Los nudos 
650 0 |a Historia de América  |9 266076 
650 0 |a Desarrollo cultural  |9 267526 
583 |a last modification  |c 20160711 02:10:55  |k Rodrigo Vera 
490 0 |a Serie Américas 
999 |c 300135  |d 300133 
952 |0 0  |1 0  |4 0  |6 980_000000000000000_CAR_1999  |7 0  |8 A  |9 357467  |a BIBHIS  |b BIBHIS  |d 2019-11-21  |h v.2 t.1  |i 3807061  |o 980 CAR 1999  |p 3807061  |r 2025-01-20  |w 2019-11-21  |y BK  |k HIS 
952 |0 0  |1 0  |4 0  |6 980_000000000000000_CAR_1999  |7 0  |8 A  |9 357468  |a BIBHIS  |b BIBHIS  |d 2019-11-21  |h v.3 t.2  |i 380707K  |o 980 CAR 1999  |p 380707K  |r 2025-01-20  |w 2019-11-21  |y BK  |k HIS 
952 |0 0  |1 0  |4 0  |6 980_000000000000000_CAR_1999  |7 0  |8 A  |9 357469  |a BIBHIS  |b BIBHIS  |d 2019-11-21  |h v.1  |i 4024125  |o 980 CAR 1999  |p 4024125  |r 2025-01-20  |w 2019-11-21  |y BK  |k HIS 
952 |0 0  |1 0  |4 0  |6 980_000000000000000_CAR_1999  |7 0  |8 A  |9 357470  |a BIBHIS  |b BIBHIS  |d 2019-11-21  |h v.3 t.2  |i 4024133  |o 980 CAR 1999  |p 4024133  |r 2025-01-20  |w 2019-11-21  |y BK  |k HIS 
952 |0 0  |1 0  |4 0  |6 980_000000000000000_CAR_1999  |7 0  |8 A  |9 357471  |a BIBHIS  |b BIBHIS  |d 2019-11-21  |h v.1  |i 4697499  |l 2  |o 980 CAR 1999  |p 4697499  |r 2025-01-20  |s 2020-10-07  |w 2019-11-21  |y BK  |k HIS 
952 |0 0  |1 0  |4 0  |6 980_000000000000000_CAR_1999  |7 0  |8 A  |9 357472  |a BIBHIS  |b BIBHIS  |d 2019-11-21  |h v.2  |i 4697502  |o 980 CAR 1999  |p 4697502  |r 2025-01-20  |w 2019-11-21  |y BK  |k HIS 
952 |0 0  |1 0  |3 erb  |4 0  |6 980_000000000000000_CAR_1999  |7 0  |8 A  |9 357473  |a FDOHBE  |b FDOHBE  |e Huesbe Llanos, Marco Antonio, 1934-  |h v.3 t.2  |i 5307457  |o 980 CAR 1999  |p 5307457  |r 2024-01-30  |w 2019-11-21  |y BK  |z Catalogado en:20160713  |k HBE